[Event "Wroclaw-A"]
[Site "Wroclaw"]
[Date "1980.??.??"]
[Round "3"]
[White "Spiridonov, Nikola"]
[Black "Kubien, Jerzy"]
[Result "1-0"]
[WhiteElo "2470"]
[BlackElo "2310"]

1.Nf3 d5 2.c4 c6 3.b3 Bf5 4.Bb2 e6 5.g3 Nf6 6.Bg2 h6 7.O-O Be7 8.d3 O-O 9.Nbd2 Re8
10.Rc1 Nbd7 11.Rc2 Bf8 12.Qa1 Bh7 13.Rfc1 Qe7 14.Ne5 Nxe5 15.Bxe5 Nd7 16.Bb2 Rad8
17.Nb1 Nb6 18.Ba3 Qg5 19.Bxf8 Rxf8 20.Nd2 Rfe8 21.Qc3 d4 22.Qb4 Rd7 23.Nf3 Qf6
24.Qa5 Nc8 25.b4 e5 26.Nd2 Bf5 27.Qa4 Qe7 28.Rb2 Rdd8 29.Qc2 Bg6 30.a4 f5
31.c5 e4 32.b5 e3 33.Nf3 exf2+ 34.Kxf2 f4 35.Qd2 fxg3+ 36.hxg3 Qc7 37.bxc6 bxc6
38.Qf4 Qe7 39.Kg1 Rf8 40.Qe5 Qf7 41.Bh3 Rfe8 42.Qf4 Qxf4 43.gxf4 Bh5 44.Ne5 Ne7
45.Be6+ Kh7 46.Rb7 Nd5 47.Bxd5 Rxd5 48.Kf2 Rf8 49.Rg1 Rxf4+ 50.Ke1 Kh8 51.Rbxg7 Rf8
52.Nxc6 Re8 53.R7g2 Rxc5 54.Nxd4 Rd5 55.Ne6 Bf7 56.Nc7  1-0

[Event "DDR-HUN"]
[Site "Zinnowitz"]
[Date "1980.??.??"]
[Round "?"]
[White "Boensch, Uwe"]
[Black "Lukacs, Peter"]
[Result "1-0"]
[WhiteElo "2450"]
[BlackElo "2405"]

1.Nf3 d5 2.c4 c6 3.b3 Bg4 4.Bb2 Nd7 5.e3 Ngf6 6.Be2 e6 7.O-O Bd6 8.h3 Bxf3
9.Bxf3 O-O 10.Nc3 Qe7 11.Rb1 Nb6 12.Qe2 e5 13.g3 dxc4 14.bxc4 Qe6 15.d3 Qxh3
16.Ba1 Rab8 17.a4 Nbd7 18.Rfd1 Rfe8 19.Ne4 Qe6 20.Nxd6 Qxd6 21.d4 e4 22.Bg2 Nf8
23.Bc3 Ng6 24.Bh3 Nf8 25.Bb4 Qc7 26.d5 c5 27.d6 Qc6 28.Bc3 N8d7 29.Qb2 Qxa4
30.Bxd7 Nxd7 31.Bxg7 Re6 32.Ra1 Qc6 33.Rd5 Rg6 34.Be5 Nb6 35.Rad1 Nxd5 36.Rxd5 Rd8
37.Qa3 b6 38.Qxa7 f6 39.Qc7 Qa8 40.Bf4 Rg7 41.d7 Re7 42.Kg2 Re6 43.Rd6 Rxd6
44.Qxd6 Kf7 45.Qc7 Ke7 46.Qxb6 Rxd7 47.Qxc5+ Ke6 48.g4 Kf7 49.Qf5 Qc6 50.Qxh7+ Ke6
51.Qf5+ Ke7 52.c5 Ke8 53.Bd6 Rf7  1-0

[Event "Baden-Baden"]
[Site "Baden-Baden"]
[Date "1981.??.??"]
[Round "?"]
[White "Ivkov, Borislav"]
[Black "Stajcic, Nikola"]
[Result "1/2-1/2"]
[WhiteElo "2510"]
[BlackElo "2215"]

1.Nf3 d5 2.c4 c6 3.d4 Nf6 4.Nc3 dxc4 5.a4 Na6 6.e4 Bg4 7.Bxc4 e6 8.Be3 Be7
9.O-O O-O 10.Be2 Nb4 11.a5 Bh5 12.Qb3 b6 13.a6 c5 14.Rfd1 Qc8 15.dxc5 bxc5
16.Rdc1 Rd8 17.Qc4 Nd7 18.Bf4 Nb8 19.Be3 Nd7 20.Bf4 Nb8 21.Qb5 N8c6 22.Qb7 Bxf3
23.gxf3 Bf6 24.Be3  1/2-1/2

[Event "Biel"]
[Site "Biel"]
[Date "1981.??.??"]
[Round "?"]
[White "Stean, Michael"]
[Black "Hort, Vlastimil"]
[Result "1/2-1/2"]
[WhiteElo "2490"]
[BlackElo "2595"]

1.Nf3 d5 2.c4 d4 3.e3 Nc6 4.exd4 Nxd4 5.Nxd4 Qxd4 6.Nc3 e5 7.d3 Ne7 8.Qe2 Bg4
9.f3 Bd7 10.Be3 Qd6 11.O-O-O Nf5 12.f4 Be7 13.fxe5 Qxe5 14.Bf2 Qxe2 15.Bxe2 O-O-O
16.Kb1 Bg5 17.Bf3 Be3 18.Bxe3 Nxe3 19.Rde1 Nf5 20.Rhf1 Rde8 21.Rxe8+ Rxe8
22.Bg4 Re5 23.d4 Nxd4 24.Bxd7+ Kxd7 25.Rxf7+ Ke6 26.Rf1 c6 27.b3 g5 28.Rf2 h5
29.Kc1 Rf5 30.Rxf5 Nxf5 31.Ne4 g4 32.Nc5+ Ke5 33.Nxb7 Ne3  1/2-1/2

[Event "Biel"]
[Site "Biel"]
[Date "1981.??.??"]
[Round "?"]
[White "Hammer, Peter"]
[Black "Cuartas, Carlos"]
[Result "1/2-1/2"]
[WhiteElo "2330"]
[BlackElo "2430"]

1.Nf3 d5 2.c4 dxc4 3.Na3 g6 4.Nxc4 Bg7 5.g3 c5 6.Bg2 Nc6 7.O-O Nh6 8.d3 Nf5
9.Bf4 O-O 10.Qd2 f6 11.g4 Nfd4 12.Nxd4 cxd4 13.Bxc6 bxc6 14.f3 Qd5 15.Bh6 c5
16.Bxg7 Kxg7 17.Rac1 h5 18.gxh5 Qxh5 19.Qf4 Bh3 20.Rf2 Rad8 21.Kh1 e5 22.Qg3 Rd5
23.Nd2 Rb8 24.b3 a5 25.f4 exf4 26.Qxf4 Rf8 27.Ne4 Qe5 28.Qh4 Bf5 29.Ng3 Bd7
30.Rcf1 Qg5 31.Qf4 Qxf4 32.Rxf4 Re5 33.Kg1 Bc6 34.Rc1 f5 35.h4 Bd7 36.Kf2 Rh8
37.Nf1 a4 38.Nd2 Rhe8 39.Re1 Bb5 40.Nf3 Re3 41.b4 cxb4 42.Rxd4 b3 43.axb3 a3
44.Ng1 R3e7 45.Ra1 Ra8 46.Ra2  1/2-1/2

[Event "Bochum"]
[Site "Bochum"]
[Date "1981.??.??"]
[Round "?"]
[White "Feustel, Bernd"]
[Black "Hermann, M."]
[Result "1/2-1/2"]
[WhiteElo "2355"]
[BlackElo "2390"]

1.Nf3 d5 2.c4 e6 3.b3 Nf6 4.g3 Be7 5.Bg2 O-O 6.O-O c5 7.d3 Nc6 8.Na3 e5 9.Bb2 d4
10.Nc2 Re8 11.a3 Bd6 12.e4 Bg4 13.Rb1 Qd7 14.Bc1 a5 15.Qd2 Bh3 16.Bxh3 Qxh3
17.Nh4 Re6 18.f3 Ne7 19.Rf2 h6 20.Rf1 Nh5 21.Qg2 Qxg2+ 22.Nxg2 Nc6 23.Bd2 Nf6
24.Rb2 Nd7 25.Kh1 Ree8 26.Nce1 Reb8 27.a4 Re8 28.Nh4 Kh7 29.f4 f6 30.Nef3 b6
31.Rbb1 Bf8 32.f5 Kg8 33.Kg2 Kf7 34.Kf2 Be7 35.Ng6 Nf8 36.Nfh4 Nh7 37.Nf3 Bd6
38.Ke2 Ne7 39.Nfh4 Nf8 40.Nxf8 Rxf8 41.Rf2 h5 42.Rg1 Rh8 43.Rgf1 Rh7 44.Nf3 Rah8
45.h4 Rd8 46.Rg2 Nc6 47.g4 hxg4 48.Rxg4 Rdh8 49.Rg6 Rxh4 50.Nxh4 Rxh4 51.Rfg1 Bf8
52.Be1 Rh3 53.R6g3 Rh2+ 54.R1g2 Rh1 55.Rf3 Be7 56.Rf1 Rh3 57.Bd2 Bf8 58.Rfg1 Rh7
59.Be1 Rh3 60.Bg3 Rh8 61.Rh2 Rxh2+ 62.Bxh2 Be7 63.Bg3 Bf8 64.Rh1 Kg8 65.Be1 Be7
66.Bd2 Bf8 67.Kf3 Bd6 68.Kg4 Bf8 69.Kh5 Kf7 70.Rg1 Bd6 71.Rg2 Bf8 72.Kg4 Be7
73.Rh2 Kg8 74.Rh5 Bf8 75.Rh1 Be7 76.Rb1 Kf7 77.Be1 Bf8 78.Rb2 Be7 79.Rh2 Kg8
80.Bd2  1/2-1/2

[Event "YUG-ch"]
[Site "Borovo"]
[Date "1981.??.??"]
[Round "17"]
[White "Bukic, Enver"]
[Black "Ivanovic, Bozidar"]
[Result "0-1"]
[WhiteElo "2480"]
[BlackElo "2490"]

1.Nf3 d5 2.c4 e6 3.d4 Be7 4.Nc3 Nf6 5.Bg5 O-O 6.e3 h6 7.Bh4 b6 8.Qb3 Bb7
9.Bxf6 Bxf6 10.cxd5 exd5 11.Rd1 Re8 12.Bd3 c6 13.O-O Nd7 14.Rfe1 Nf8 15.e4 Ne6
16.e5 Be7 17.Bb1 Bf8 18.Qc2 g6 19.h4 h5 20.Qd2 Be7 21.g3 Qd7 22.Ne2 Bf8 23.Ng5 Bh6
24.f4 Ng7 25.Kf2 c5 26.Ng1 Nf5 27.N1f3 Qc8 28.Rc1 Bf8 29.Rg1 Nh6 30.Nh2 Bc6
31.g4 hxg4 32.h5 gxh5 33.Qc2 f5 34.exf6 Re4 35.Nxe4 dxe4 36.Qb3+ Kh8 37.d5 Qd7
38.Bxe4 h4 39.Kf1 Qd6 40.Kg2 Qxf4 41.Rce1 Bd6 42.Nf1 Bd7 43.Qc3 Bb5 44.Rh1 Be5  0-1

[Event "Caorle op"]
[Site "Caorle"]
[Date "1981.??.??"]
[Round "1"]
[White "Satta, Vladimiro"]
[Black "Thurner, Hermann"]
[Result "1-0"]
[WhiteElo "2025"]
[BlackElo "2000"]

1.Nf3 d5 2.c4 e6 3.g3 Nf6 4.Bg2 c5 5.cxd5 exd5 6.d4 Nc6 7.O-O cxd4 8.Nxd4 Be7
9.Nc3 O-O 10.Be3 h6 11.Rc1 Ne5 12.Rc2 Nc4 13.Bf4 Bd6 14.e4 Bg4 15.Qd3 Nb6
16.e5 Ne8 17.Nf5 Nc7 18.Rd2 Bb4 19.Bxh6 Bxf5 20.Qxf5 Bxc3 21.bxc3 gxh6 22.Be4 dxe4
23.Rxd8 Raxd8 24.Qg4+ Kh8 25.Qxe4 Ne6 26.Qxb7 Rd7 27.Qe4 Rg8 28.Qh4 Kh7 29.Qh5 Rg5
30.Qe2 Rg8 31.Rd1 Rgd8 32.Rxd7 Rxd7 33.a4 Rc7 34.a5 Nd7 35.Qd3+ Kg7 36.f4 Ndc5
37.Qf3 Na4 38.f5 Ng5 39.Qg4 Nxc3 40.h4 Nd5 41.hxg5 Rc1+ 42.Kh2 Rc2+ 43.Kh3  1-0

[Event "Caorle op"]
[Site "Caorle"]
[Date "1981.??.??"]
[Round "6"]
[White "Turchi, Paolo"]
[Black "Voscilla, Adriano"]
[Result "1-0"]
[WhiteElo "1930"]
[BlackElo "2000"]

1.Nf3 d5 2.c4 c6 3.b3 Nf6 4.Bb2 Bf5 5.g3 Nbd7 6.Bg2 Qc7 7.O-O dxc4 8.bxc4 e5
9.d4 e4 10.Ne1 Bd6 11.Nc2 h5 12.Ne3 Bg6 13.c5 Be7 14.h4 Ng4 15.Nxg4 hxg4
16.Bc1 Nf6 17.Bf4 Qd7 18.Nc3 Nd5 19.Nxd5 Qxd5 20.Rb1 Bf5 21.Rxb7 g5 22.Rxe7+ Kxe7
23.Bxg5+ f6 24.Bf4 Qxa2 25.Bd6+ Kf7 26.f3 gxf3 27.exf3 e3 28.Qe1 Rae8 29.f4 Bd3
30.Rf3 Be4 31.Qxe3 Bxf3 32.Qxf3 Re1+ 33.Kh2 Re2 34.Qxc6 Rhe8 35.Kh3 Qe6+
36.Kh2 Qe4 37.Qxe4 R8xe4 38.d5 Rc4 39.Kh3 f5 40.Bf1 Rec2 41.Bxc4 Rxc4 42.c6 a5
43.h5 Ke8 44.h6 Kf7 45.h7 Kg7 46.Be5+ Kxh7 47.d6  1-0

[Event "Caorle op"]
[Site "Caorle"]
[Date "1981.??.??"]
[Round "8"]
[White "Satta, Vladimiro"]
[Black "Ciuffoletti, Paolo"]
[Result "1/2-1/2"]
[WhiteElo "2025"]
[BlackElo "2205"]

1.Nf3 d5 2.c4 e6 3.g3 c5 4.cxd5 exd5 5.d4 Nc6 6.Bg2 Nf6 7.O-O Be7 8.Nc3 O-O
9.Bg5 c4 10.Ne5 Be6 11.Nxc6 bxc6 12.Na4 Nd7 13.Bxe7 Qxe7 14.e4 dxe4 15.Bxe4 Bd5
16.Bxd5 cxd5 17.Re1 Qb4 18.Re2 Rfe8 19.Qe1 Qxe1+ 20.Raxe1 Kf8 21.Nc3 Nf6
22.f3 Rxe2 23.Rxe2 Re8 24.Rxe8+ Kxe8 25.Nb5 a5 26.Nd6+ Ke7 27.Nb7 Kd7 28.Kf2 Kc7
29.Nc5 Ne8 30.Ke3 Nd6 31.g4 Kc6 32.Na4 Nb5 33.Nc3 Nc7 34.Kf4 Kd6 35.Ke3 g5
36.Ne2 Ne6 37.a3 Ng7 38.Nc3 f5 39.h3 fxg4 40.hxg4  1/2-1/2

[Event "Esbjerg-B"]
[Site "Esbjerg"]
[Date "1981.??.??"]
[Round "7"]
[White "Berg, Klaus"]
[Black "Wicker, Kevin J"]
[Result "0-1"]
[WhiteElo "2305"]
[BlackElo "2305"]

1.Nf3 d5 2.c4 e6 3.g3 c6 4.b3 Nf6 5.Bg2 Nbd7 6.O-O Be7 7.Bb2 O-O 8.d3 b5
9.Nbd2 Bb7 10.e4 Nc5 11.e5 Ne8 12.Qe2 dxc4 13.dxc4 Qd3 14.Qxd3 Nxd3 15.Bd4 Nc7
16.Rfd1 Rfd8 17.Be3 c5 18.cxb5 Nxb5 19.Nc4 f6 20.Nd6 Nxd6 21.Rxd3 Nf5 22.Rad1 Nxe3
23.fxe3 f5 24.Rxd8+ Rxd8 25.Rxd8+ Bxd8 26.Ne1 Bd5 27.Kf2 Bc7 28.Bxd5 exd5
29.Nd3 c4 30.Nf4 Bxe5 31.Nxd5 cxb3 32.axb3 Kf7 33.Kf3 Ke6 34.e4 g5 35.Nb4 g4+
36.Ke3 Bd6 37.Nd3 Bc7 38.Nf4+ Ke5 39.Nd3+ Kf6 40.exf5 Kxf5 41.Kd4 h5  0-1

[Event "DDR-ch (Women)"]
[Site "Fuerstenwalde"]
[Date "1981.??.??"]
[Round "6"]
[White "Espig, Gesine"]
[Black "Wagner Michel, Annett"]
[Result "0-1"]
[WhiteElo "2020"]
[BlackElo "2120"]

1.Nf3 d5 2.c4 d4 3.e3 c5 4.exd4 cxd4 5.b4 f6 6.c5 Qd5 7.Na3 e5 8.Bc4 Qe4+
9.Qe2 Qxe2+ 10.Kxe2 a5 11.Nb5 Kd8 12.bxa5 Bxc5 13.d3 Nc6 14.Nd2 f5 15.f4 Nf6
16.Nb3 Bb4 17.fxe5 Re8 18.Bf4 Nxe5 19.Bxe5 Rxe5+ 20.Kf1 Bd7 21.N3xd4 Rxa5
22.a4 Ng4 23.Nc2 Bd2 24.h3 Nf6 25.Nd6 Kc7 26.d4 Re7 27.Nb5+ Kb8 28.g3 f4
29.Kg2 Bc6+ 30.d5 Nxd5  0-1

[Event "DDR-ch (Women)"]
[Site "Fuerstenwalde"]
[Date "1981.??.??"]
[Round "10"]
[White "Espig, Gesine"]
[Black "Wolff, H."]
[Result "1/2-1/2"]
[WhiteElo "2020"]
[BlackElo "2000"]

1.Nf3 d5 2.c4 e6 3.d4 Nf6 4.Nc3 c5 5.cxd5 Nxd5 6.e4 Nb4 7.a3 cxd4 8.axb4 dxc3
9.Qxd8+ Kxd8 10.bxc3 Bd6 11.e5 Bc7 12.Be3 Nc6 13.Rd1+ Ke8 14.Bb5 Bd7 15.Bxc6 Bxc6
16.Bd4 a5 17.Ra1 Kd7 18.O-O axb4 19.cxb4 b5 20.Rfd1 Rxa1 21.Bxa1+ Bd5 22.Ne1 Rc8
23.Bd4 Bd8 24.Bc5 Be7 25.Nd3 Ra8 26.Bxe7 Kxe7 27.Nc5 Ra2 28.h3 Re2 29.Nd3 Bc4
30.Nc5 Rxe5 31.Rd7+ Ke8 32.Ra7 Rd5 33.Ra8+ Rd8 34.Rxd8+ Kxd8 35.f4 Ke7 36.Kf2 f6
37.g3 Kd6 38.Ke3 Kd5 39.Na6 Bf1 40.Nc7+ Kd6 41.Ne8+ Ke7 42.Nc7 Kd7 43.Kf2 Bxh3
44.Nxb5 Kc6 45.Nc3 e5 46.Ke3 exf4+ 47.Kxf4 g5+ 48.Ke4 Be6 49.Kd4 f5 50.Ke5 Bd7
51.Ne2 h5 52.Nd4+ Kb6  1/2-1/2

[Event "Buna-Turnier"]
[Site "Halle"]
[Date "1981.??.??"]
[Round "10"]
[White "Moehring, Guenther"]
[Black "Malich, Burkhard"]
[Result "1/2-1/2"]
[WhiteElo "2405"]
[BlackElo "2450"]

1.Nf3 d5 2.c4 e6 3.d4 Nf6 4.Nc3 Nbd7 5.cxd5 exd5 6.Bg5 Be7 7.e3 c6 8.Qc2 Nf8
9.Bd3 Ne6 10.Bxf6 Bxf6 11.O-O g6 12.b4 O-O 13.Qb3 Qd6 14.b5 Bd7 15.Rfc1 Rfc8
16.a4 Bd8 17.a5 a6 18.bxa6 bxa6 19.Na4 c5  1/2-1/2

[Event "Hradec Kralove"]
[Site "Hradec Kralove"]
[Date "1981.??.??"]
[Round "5"]
[White "Smejkal, Jan"]
[Black "Ftacnik, Lubomir"]
[Result "1/2-1/2"]
[WhiteElo "2540"]
[BlackElo "2525"]

1.Nf3 d5 2.c4 c6 3.d4 Nf6 4.cxd5 cxd5 5.Nc3 Nc6 6.Bf4 Bf5 7.e3 e6 8.Bd3 Bxd3
9.Qxd3 Bd6 10.Bg3 a6 11.O-O Bxg3 12.hxg3 O-O 13.Rfc1 Qd6 14.Na4 Nd7 15.a3 Rfc8
16.b4 b5 17.Nc5 Nb6 18.Rcb1 Rcb8  1/2-1/2

[Event "NOR-ch"]
[Site "Kirkenes"]
[Date "1981.??.??"]
[Round "?"]
[White "Myreng, Svein G"]
[Black "Hoen, Ragnar"]
[Result "1/2-1/2"]
[WhiteElo "2205"]
[BlackElo "2355"]

1.Nf3 d5 2.c4 e6 3.g3 Nf6 4.Bg2 Be7 5.O-O O-O 6.d4 b6 7.Nc3 Bb7 8.Ne5 c6
9.e4 dxc4 10.Nxc4 Ba6 11.b3 b5 12.Ne3 b4 13.Ne2 Bxe2 14.Qxe2 Qxd4 15.Bb2 Qb6
16.Bxf6 Bxf6 17.e5 Be7 18.Rac1 a5 19.Be4 Ra7 20.Rfd1 f5 21.exf6 Bxf6 22.Qg4 Re7
23.Rd6 g6 24.Rxe6 Qd8 25.Rxe7 Qxe7 26.Bxc6 Bc3 27.Bd5+ Kg7 28.Qe6 Qxe6 29.Bxe6 Nc6
30.Kg2 Nd4 31.Bc4 Bd2 32.Rd1 Bxe3 33.fxe3 Nc2 34.Rd7+  1/2-1/2

[Event "BKL-Turnier"]
[Site "Leipzig"]
[Date "1981.??.??"]
[Round "8"]
[White "Moehring, Guenther"]
[Black "Starck, Bodo"]
[Result "1/2-1/2"]
[WhiteElo "2375"]
[BlackElo "2325"]

1.Nf3 d5 2.c4 c6 3.cxd5 cxd5 4.d4 Nc6 5.Nc3 Nf6 6.Bf4 e6 7.e3 Be7 8.Bd3 O-O
9.h3 Bd7 10.a3 Rc8 11.O-O Na5 12.Ne5 Nc4 13.Nxc4 dxc4 14.Bc2 Nd5 15.Bh2 Nxc3
16.bxc3 Qa5 17.Qb1 Qxc3 18.Bxh7+ Kh8 19.Qxb7 Kxh7 20.Qxd7 Bxa3 21.Qxa7 Bb4
22.Qb7 Ba3 23.Ra2 Kg8 24.Qb1 Qb4 25.Qa1 Ra8 26.Rb1 Qe7 27.Qc3 Rfc8 28.Rba1 Bb4
29.Qc2 Rxa2 30.Rxa2 c3 31.Bg3 Qg5 32.Qd3 Qd5 33.Rc2 Ra8 34.Kh2 Qb3 35.e4 Ra2
36.Rxa2 Qxa2 37.Qb5 c2 38.Bf4 Ba3 39.Qe8+ Kh7 40.Qxf7 c1=Q 41.Qh5+ Kg8 42.Qe8+ Kh7
43.Qh5+ Kg8 44.Qe8+  1/2-1/2

[Event "POL-chT"]
[Site "Lubniewice"]
[Date "1981.??.??"]
[Round "3"]
[White "Swic, Waldemar"]
[Black "Kostyra, Stanislaw"]
[Result "1/2-1/2"]
[WhiteElo "2330"]
[BlackElo "2370"]

1.Nf3 d5 2.c4 dxc4 3.e3 e6 4.Bxc4 Nf6 5.d4 c5 6.O-O a6 7.Qe2 b5 8.Bd3 cxd4
9.Nxd4 e5 10.Nb3 e4 11.Bc2 Bd6 12.f4 O-O 13.a4 b4 14.N1d2 Re8 15.Nc4 Bf8
16.h3 Ra7 17.Nd4 Rc7 18.b3 Nd5 19.Bb2 Nd7 20.Rad1 Nc5 21.Rfe1 Qe7 22.Ne5 Qd6
23.Bb1 Qb6 24.Nc4 Qb7 25.Na5 Qb6 26.Nc4 Qb7 27.Na5 Qb6  1/2-1/2

[Event "POL-chT"]
[Site "Lubniewice"]
[Date "1981.??.??"]
[Round "6"]
[White "Adamski, Jan"]
[Black "Jasnikowski, Zbigniew"]
[Result "1-0"]
[WhiteElo "2430"]
[BlackElo "2380"]

1.Nf3 d5 2.c4 e6 3.d4 Nf6 4.Nc3 Be7 5.Bg5 O-O 6.Qc2 c5 7.dxc5 d4 8.O-O-O Ng4
9.Rxd4 Bxg5+ 10.Kb1 Qxd4 11.Nxd4 Nxf2 12.Ne4 Be3 13.Nxf2 Bxd4 14.Ne4 Nc6
15.g3 f5 16.Nd6 Bd7 17.Bg2 Rab8 18.Rd1 Bxc5 19.Qc3 Rfd8 20.Nxb7 Rxb7 21.Bxc6 Bxc6
22.Rxd8+ Kf7 23.a3 Be7 24.Rd2 Bg5 25.e3 Bf6 26.Qa5 Bg5 27.Qc5 Be4+ 28.Ka1 a5
29.h4 Bh6 30.b4 axb4 31.axb4 g6 32.b5 Bf8 33.Qc8 Ra7+ 34.Kb2 Re7 35.Kb3 Re8
36.Rd8  1-0

[Event "POL-chT"]
[Site "Lubniewice"]
[Date "1981.??.??"]
[Round "7"]
[White "Filipowicz, Andrzej"]
[Black "Kostyra, Stanislaw"]
[Result "1/2-1/2"]
[WhiteElo "2375"]
[BlackElo "2370"]

1.Nf3 d5 2.c4 dxc4 3.Na3 a6 4.Nxc4 b5 5.Ne3 Bb7 6.b3 e6 7.Bb2 Nf6 8.g3 Nbd7
9.Bg2 Be7 10.O-O c5 11.d4 O-O 12.Rc1 Rc8 13.Nc2 c4 14.bxc4 Rxc4 15.Nd2 Bxg2
16.Kxg2 Qa8+ 17.f3 Ra4 18.Ra1 Rc8 19.e4 Nb6 20.Rf2 Qc6 21.Ne3 Ba3 22.Rc1 Qd7
23.Rxc8+ Qxc8 24.Bxa3 Rxa3 25.Nb3 Qc3 26.Qd2 Qxd2 27.Rxd2 a5 28.Rb2 g5  1/2-1/2

[Event "Moron op"]
[Site "Moron"]
[Date "1981.??.??"]
[Round "?"]
[White "Ljubojevic, Ljubomir"]
[Black "Braga, Fernando"]
[Result "1-0"]
[WhiteElo "2605"]
[BlackElo "2250"]

1.Nf3 d5 2.c4 e6 3.g3 Nf6 4.Bg2 Be7 5.O-O O-O 6.d4 dxc4 7.Qc2 a6 8.a4 Nc6
9.Qxc4 Qd5 10.Qd3 Rd8 11.Nc3 Qh5 12.Bf4 e5 13.Bxe5 Nxe5 14.Nxe5 c5 15.Bf3 Bg4
16.Nxg4 Nxg4 17.Bxg4 Qxg4 18.d5 c4 19.Qc2 Bc5 20.Rfd1 f5 21.e3 Rd6 22.Qe2 Qh3
23.Qxc4 f4 24.exf4 Rh6 25.d6+ Kh8 26.Qxc5 Qxh2+ 27.Kf1 Re8 28.Qd5  1-0

[Event "Moscow-4teams"]
[Site "Moscow"]
[Date "1981.??.??"]
[Round "?"]
[White "Kochyev, Alexander"]
[Black "Averbakh, Yuri L"]
[Result "1/2-1/2"]
[WhiteElo "2540"]
[BlackElo "2490"]

1.Nf3 d5 2.c4 c6 3.d4 Nf6 4.e3 Bf5 5.cxd5 cxd5 6.Qb3 Qb6 7.Nc3 e6 8.Bd2 Nfd7
9.Be2 Be7 10.O-O Nc6 11.Rfc1 O-O 12.Na4 Qxb3 13.axb3 Rac8 14.Kf1  1/2-1/2

[Event "Pernik"]
[Site "Pernik"]
[Date "1981.??.??"]
[Round "1"]
[White "Szekely, Peter"]
[Black "Kelecevic, Nedeljko"]
[Result "1/2-1/2"]
[WhiteElo "2425"]
[BlackElo "2400"]

1.Nf3 d5 2.c4 e6 3.g3 Nf6 4.Bg2 Be7 5.O-O O-O 6.d4 dxc4 7.Ne5 Nc6 8.Nxc6 bxc6
9.Bxc6 Rb8 10.Nc3 Bb7 11.Bb5 Qd6 12.b3  1/2-1/2

[Event "Pernik"]
[Site "Pernik"]
[Date "1981.??.??"]
[Round "7"]
[White "Szekely, Peter"]
[Black "Marszalek, Rafal"]
[Result "1/2-1/2"]
[WhiteElo "2425"]
[BlackElo "2350"]

1.Nf3 d5 2.c4 e6 3.g3 dxc4 4.Qa4+ Nd7 5.Bg2 Nf6 6.Qxc4 c5 7.Qc2 b6 8.O-O Bb7
9.b3 Be7 10.Bb2 O-O 11.d3 Nd5 12.Nbd2 N7f6 13.a3 b5  1/2-1/2

[Event "Pernik"]
[Site "Pernik"]
[Date "1981.??.??"]
[Round "9"]
[White "Spassov, Liuben"]
[Black "Marszalek, Rafal"]
[Result "0-1"]
[WhiteElo "2460"]
[BlackElo "2350"]

1.Nf3 d5 2.c4 c6 3.d4 e6 4.Qc2 Bd6 5.g3 Nd7 6.Bg2 f5 7.O-O Ngf6 8.Bg5 O-O
9.Nbd2 Qe8 10.Bxf6 Rxf6 11.e3 Qh5 12.Rfe1 Rh6 13.Nf1 g5 14.Qc3 g4 15.N3d2 Nf6
16.b4 Ne4 17.Bxe4 fxe4 18.Nb3 Qf5 19.c5 Bc7 20.a4 Rf6 21.Qc2 h5 22.Qe2 Bd7
23.Red1 Kg7 24.Rab1 Raf8 25.Rd2 Qg5 26.Qe1 Rf3 27.Na1 Rh8 28.Nc2 h4 29.Rb2 Rhf8
30.Kg2 Qh6 31.Kh1 hxg3 32.Nxg3 Bxg3  0-1

[Event "Plovdiv"]
[Site "Plovdiv"]
[Date "1981.??.??"]
[Round "7"]
[White "Szekely, Peter"]
[Black "Bajovic, Milan"]
[Result "0-1"]
[WhiteElo "2425"]
[BlackElo "2295"]

1.Nf3 d5 2.c4 c6 3.cxd5 cxd5 4.d4 Nf6 5.Nc3 Nc6 6.Bf4 Bf5 7.e3 e6 8.Bb5 a6
9.Bxc6+ bxc6 10.O-O Nd7 11.Na4 Be7 12.Qb3 c5 13.dxc5 Nxc5 14.Nxc5 Bxc5 15.Qc3 Be7
16.Bc7 Qd7 17.Qxg7 Rf8 18.Rac1 f6 19.Bg3 Bd8 20.Qh6 Rc8 21.Nd4 Bd3 22.Rfd1 e5
23.Rxc8 Qxc8 24.Ne6 Rf7 25.Ng7+ Ke7 26.e4 dxe4 27.Rc1 Qg4 28.Nh5 Qg6 29.Nxf6 Rxf6
30.Qxg6 Rxg6 31.Bxe5 Ke6 32.Bd4 Kd5 33.Be3 Bb6 34.Bxb6 Rxb6 35.b3 Rc6 36.Rxc6 Kxc6
37.f4 e3 38.g4 Kd5 39.f5 Ke5 40.Kg2 Kf4 41.f6 Be4+ 42.Kf1 Bd5 43.Ke2 h6 44.h3 Bf7
45.Ke1 Kg3  0-1

[Event "Rome"]
[Site "Rome"]
[Date "1981.??.??"]
[Round "?"]
[White "Zichichi, Alvise"]
[Black "Matanovic, Aleksandar"]
[Result "1/2-1/2"]
[WhiteElo "2400"]
[BlackElo "2500"]

1.Nf3 d5 2.c4 e6 3.d4 Nf6 4.Nc3 Be7 5.Bg5 O-O 6.e3 b6 7.Bxf6 Bxf6 8.Rc1 c6
9.Bd3 Nd7 10.cxd5 exd5 11.O-O a5 12.Bb1 Re8 13.h3 g6 14.Ne2 Bg7 15.Nf4 Nf8
16.Re1 Qd6 17.Re2 Re7 18.Rc3 Rc7 19.Nd3 Bf5 20.Nde5 Bxb1 21.Qxb1 Nd7 22.Nxd7 Rxd7
23.a3 a4 24.Ne1  1/2-1/2

[Event "Tallinn"]
[Site "Tallinn"]
[Date "1981.??.??"]
[Round "8"]
[White "Ftacnik, Lubomir"]
[Black "Karner, Hillar"]
[Result "0-1"]
[WhiteElo "2520"]
[BlackElo "2410"]

1.Nf3 d5 2.c4 d4 3.e3 Nc6 4.exd4 Nxd4 5.Nxd4 Qxd4 6.Nc3 e5 7.d3 Ne7 8.Be3 Qd8
9.d4 exd4 10.Qxd4 Qxd4 11.Bxd4 Nf5 12.Be5 c6 13.O-O-O f6 14.Bf4 h5 15.Bd3 Kf7
16.Rhe1 Bb4 17.a3 Bxc3 18.bxc3 g5 19.Bc7 Be6 20.c5 Rhe8 21.h3 Rac8 22.Bh2 Nh4
23.Be2 Rh8 24.Bf1 Rce8 25.c4 Bf5 26.Bd6 Re4 27.Rxe4 Bxe4 28.f3 Bf5 29.Re1 Be6
30.Kc2 Rd8 31.Kc3 Nf5 32.Bc7 Rc8 33.Bh2 Re8 34.Rb1 Bc8 35.Bg1 Ng3 36.Bf2 Nxf1
37.Rxf1 Re2 38.g4 Be6 39.h4 hxg4 40.fxg4 Bxg4 41.Bd4 f5 42.hxg5 Kg6 43.Bf6 Re3+
44.Kd4 Re4+ 45.Kc3 f4 46.Kd3 Re3+ 47.Kd4 Kf5  0-1

[Event "Tirnava"]
[Site "Trnava"]
[Date "1981.??.??"]
[Round "5"]
[White "Vadasz, Laszlo"]
[Black "Prandstetter, Eduard"]
[Result "1/2-1/2"]
[WhiteElo "2470"]
[BlackElo "2440"]

1.Nf3 d5 2.c4 e6 3.g3 Nf6 4.Bg2 Be7 5.O-O O-O 6.d4 dxc4 7.Ne5 Nc6 8.Nxc6 bxc6
9.Na3 Bxa3 10.bxa3 Nd5 11.Qa4 Nb6 12.Qxc6 Rb8 13.Qc5 Qd6 14.Bf4  1/2-1/2

[Event "Tirnava"]
[Site "Trnava"]
[Date "1981.??.??"]
[Round "12"]
[White "Magerramov, Elmar"]
[Black "Prandstetter, Eduard"]
[Result "1-0"]
[WhiteElo "2435"]
[BlackElo "2440"]

1.Nf3 d5 2.c4 e6 3.g3 Nf6 4.Bg2 Be7 5.O-O O-O 6.b3 c5 7.Bb2 Nc6 8.e3 dxc4
9.bxc4 Qb6 10.Qc2 Nb4 11.Qb3 Nd3 12.Qxd3 Qxb2 13.Nc3 Qb6 14.Rfb1 Qc7 15.Nb5 Qa5
16.a4 a6 17.Nc3 Qc7 18.a5 Bd7 19.Ng5 Bc6 20.Bxc6 Qxc6 21.Rb6 Qc8 22.Qb1 Rb8
23.Ra2 Bd8 24.Rb3 Qc6 25.f4 h6 26.Nge4 Re8 27.Qd3 Nxe4 28.Qxe4 Qxe4 29.Nxe4 Be7
30.Kf1 Rec8 31.Ke2 f5 32.Nf2 Rc6 33.Nd3 Bd6 34.Ne5 Bxe5 35.fxe5 b5 36.axb6 Rbxb6
37.Rxb6 Rxb6 38.Ra5 Rc6 39.Kd3 Kf7 40.Kc3 g5 41.d4 cxd4+ 42.exd4 Ke7 43.c5 Kd7
44.Kc4 f4 45.gxf4 gxf4 46.Ra3 Rc8 47.Rxa6 Rf8 48.d5  1-0

[Event "URS-FL49"]
[Site "Volgodonsk"]
[Date "1981.??.??"]
[Round "10"]
[White "Yermolinsky, Alex"]
[Black "Dorfman, Josif D"]
[Result "1/2-1/2"]
[WhiteElo "2450"]
[BlackElo "2505"]

1.Nf3 d5 2.c4 c6 3.d4 Nf6 4.e3 e6 5.Nbd2 c5 6.dxc5 Bxc5 7.Be2 dxc4 8.Nxc4 Qxd1+
9.Bxd1 b6 10.Nfe5 Bb7 11.Bf3 Bxf3 12.gxf3 Nfd7 13.Ke2 Nxe5 14.Nxe5 Nd7 15.Nxd7 Kxd7
16.Bd2 Rhd8 17.Bc3 g6 18.Bf6 Be7 19.Rad1+ Ke8 20.Rxd8+ Rxd8 21.Bxe7 Kxe7
22.Rc1 Rd5 23.Rc7+ Rd7 24.Rc4 Rd5 25.Rc7+ Rd7 26.Rc4 Rd5  1/2-1/2

[Event "URS-FL49"]
[Site "Volgodonsk"]
[Date "1981.??.??"]
[Round "15"]
[White "Kharitonov, Andrei Y"]
[Black "Sveshnikov, Evgeny"]
[Result "1/2-1/2"]
[WhiteElo "2460"]
[BlackElo "2545"]

1.Nf3 d5 2.c4 e6 3.d4 Nf6 4.Nc3 c6 5.Bg5 h6 6.Bxf6 Qxf6 7.a3 dxc4 8.Ne5 Bd6
9.Ne4 Qe7 10.Nxd6+ Qxd6 11.Nxc4 Qd5 12.e3 O-O 13.Qf3 c5 14.dxc5 Qxc5 15.Be2 Qe7
16.O-O e5 17.Rfd1 Nc6 18.b4 Be6 19.b5 Bxc4 20.Bxc4 Na5 21.Bd5 Rac8 22.Qe4 Rc5
23.a4 Qc7 24.h3 b6 25.Ra2 Kh8 26.Qf5 Qe7 27.Rad2 Rc7 28.Ba2 g6 29.Qg4 h5
30.Qe4 Nb7 31.Rd5 Nc5 32.Qb4 Kg7 33.Bb1 Re8 34.a5 Nb7 35.Qxe7 Rexe7 36.axb6 axb6
37.Be4 Nc5 38.Bf3 e4 39.Be2 Na4 40.Rd6 Nc3 41.R1d2  1/2-1/2

[Event "Vrsac"]
[Site "Vrsac"]
[Date "1981.??.??"]
[Round "8"]
[White "Kapelan, Milorad"]
[Black "Smejkal, Jan"]
[Result "0-1"]
[WhiteElo "2305"]
[BlackElo "2540"]

1.Nf3 d5 2.c4 d4 3.e4 c5 4.d3 Nc6 5.Be2 e5 6.O-O Nf6 7.Bd2 Bd6 8.Na3 a6 9.Ne1 h6
10.g3 Bh3 11.Ng2 Qd7 12.b3 Rb8 13.Qc1 Nh7 14.Nc2 O-O 15.a3 f5 16.b4 Be7 17.bxc5 fxe4
18.Nb4 Nf6 19.Nd5 Nxd5 20.cxd5 Qxd5 21.dxe4 Qxe4 22.Qc4+ Kh8 23.f3 Qg6 24.Rfe1 Be6
25.Qc1 Bd5 26.Rf1 d3 27.Bd1 Nd4 28.Ne1 Rbc8 29.Be3 Bxc5 30.Qd2 e4 31.f4 Nf5
32.Bxc5 Rxc5 33.Ng2 Qf6 34.Bg4 Qd4+ 35.Qf2 e3 36.Nxe3 Qxe3 37.Bxf5 Qxf2+
38.Kxf2 Rxf5 39.Ke3 Bc4  0-1

[Event "Yerevan"]
[Site "Yerevan"]
[Date "1981.??.??"]
[Round "9"]
[White "Agzamov, Georgy"]
[Black "Tavadian, Ragik"]
[Result "1/2-1/2"]
[WhiteElo "2435"]
[BlackElo "2200"]

1.Nf3 d5 2.c4 e6 3.e3 c5 4.d4 Nf6 5.Nc3 Nc6 6.cxd5 exd5 7.Be2 Bd6 8.O-O O-O
9.Nb5 Be7 10.dxc5 Bxc5 11.b3 Ne4 12.Bb2 Re8 13.Nbd4 Qe7 14.Rc1 Nxd4 15.Nxd4 Bd7
16.Bd3 Rac8 17.Rc2 Bd6 18.Rxc8  1/2-1/2

[Event "FRG-ch"]
[Site "Bad Neuenahr"]
[Date "1982.??.??"]
[Round "?"]
[White "Feustel, Bernd"]
[Black "Zier, Ludwig"]
[Result "1/2-1/2"]
[WhiteElo "2365"]
[BlackElo "2200"]

1.Nf3 d5 2.c4 d4 3.b4 c5 4.bxc5 Nc6 5.d3 e5 6.Qa4 Bd7 7.Ba3 Qc7 8.Nbd2 Na5
9.Qc2 Bxc5 10.Bxc5 Qxc5  1/2-1/2